Babau el perrito trabajador

Guardat en:
Dades bibliogràfiques
Autor principal: Oesterheld, Héctor G. (autor)
Format: Llibre
Idioma:espanyol
Publicat: Buenos Aires Sigmar 1989
Col·lecció:Colección mis animalitos
Matèries:
Etiquetes: Afegir etiqueta
Sense etiquetes, Sigues el primer a etiquetar aquest registre!

MARC

LEADER 00000nam a2200000 a 4500
001 UCW5610
003 CL-VaPUC
008 910613e19890000AG |||||||||||||||||spa|d
082 0 4 |a 808.068  |b OES  |2 21 
100 |a Oesterheld, Héctor G.  |e autor  |9 310586 
245 1 0 |a Babau el perrito trabajador 
300 |a 8 p 
942 |c BK 
945 |d 19910613 00:00:00 
260 |a Buenos Aires  |b Sigmar  |c 1989 
650 0 |a Cuentos infantiles  |9 308044 
650 0 |a Literatura infantil   |9 307465 
583 |a last modification  |c 19910613 00:00:00  |k Rodrigo Vera 
490 0 |a Colección mis animalitos 
999 |c 218986  |d 218984